[Event "Mittelrhein Verbandsliga-M 1112"]
[Site "Germany"]
[Date "2012.01.15"]
[Round "5.6"]
[White "D'Abramo, Daniel"]
[Black "Ax, Paul"]
[Result "1/2-1/2"]
[WhiteElo "1887"]
[BlackElo "1831"]
[PlyCount "94"]
[EventDate "2011.09.18"]
[EventType "team-tourn"]
[EventRounds "11"]
[EventCountry "GER"]
[SourceTitle "EXT 2013"]
[Source "ChessBase"]
[SourceDate "2012.11.22"]
[SourceVersion "1"]
[SourceVersionDate "2012.11.22"]
[SourceQuality "1"]
[WhiteTeam "Koeln Lasker II"]
[BlackTeam "Koeln Ford SF II"]
[WhiteTeamCountry "GER"]
[BlackTeamCountry "GER"]

1. d4 f5 2. g3 g6 3. Bg2 Bg7 4. Nh3 Nf6 5. 0-0 0-0 6. c3 c6 7. Nd2 Qe8 8. Nc4 d6 9. Qb3 Kh8 10. a4 Na6 11. Qa3 Be6 12. Ne3 Nc7 13. c4 Rb8 14. Rd1 Ne4 15. d5 Bd7 16. f3 Nf6 17. Ra2 cxd5 18. cxd5 b5 19. axb5 Nxb5 20. Qd3 e5 21. dxe6 Qxe6 22. Ra5 Nh5 23. Nc4 Rbc8 24. Na3 Nd4 25. Be3 Nc6 26. Ng5 Qe7 27. Rb5 Ne5 28. Qxd6 Qxd6 29. Rxd6 Bxb5 30. Nxb5 Nc4 31. Bxa7 Nxd6 32. Nxd6 Rc1+ 33. Kf2 Bxb2 34. Be3 Rd1 35. Nc4 Bf6 36. f4 Rc8 37. Nd6 Rb8 38. Nc4 h6 39. Nf3 Ng7 40. Nce5 Kh7 41. Nd3 Ne6 42. Nfe5 Rbb1 43. Bd5 Nc7 44. Bf7 g5 45. Bg6+ Kg7 46. Bxf5 Nd5 47. Bd4 gxf4 1/2-1/2

[Event "Mittelrhein Verbandsliga-M 1112"]
[Site "Germany"]
[Date "2011.11.13"]
[Round "3.7"]
[White "Scheeren, Carlos"]
[Black "D'Abramo, Daniel"]
[Result "0-1"]
[WhiteElo "1622"]
[BlackElo "1887"]
[PlyCount "68"]
[EventDate "2011.09.18"]
[EventType "team-tourn"]
[EventRounds "11"]
[EventCountry "GER"]
[SourceTitle "EXT 2013"]
[Source "ChessBase"]
[SourceDate "2012.11.22"]
[SourceVersion "1"]
[SourceVersionDate "2012.11.22"]
[SourceQuality "1"]
[WhiteTeam "Kalker/Deutzer SG"]
[BlackTeam "Koeln Lasker II"]
[WhiteTeamCountry "GER"]
[BlackTeamCountry "GER"]

1. e4 c6 2. d4 d5 3. exd5 cxd5 4. c4 Nf6 5. Nc3 e6 6. Nf3 Be7 7. Bf4 dxc4 8. Bxc4 0-0 9. 0-0 Nbd7 10. Nb5 a6 11. Bc7 Qe8 12. Nd6 Bxd6 13. Bxd6 b5 14. Bb3 Bb7 15. a4 Nb6 16. Bxf8 Kxf8 17. axb5 Qxb5 18. Re1 Rd8 19. Re3 Ng4 20. Rc3 Nd5 21. Rc5 Qb6 22. Rac1 Nf4 23. h3 Nf6 24. Bc2 Qxb2 25. Rb1 Bxf3 26. Rxb2 Bxd1 27. Bxd1 Nd3 28. Rb1 Nxc5 29. dxc5 Rc8 30. Rc1 Ke7 31. Ba4 Nd7 32. Bxd7 Kxd7 33. Rd1+ Kc7 34. Rd6 Ra8 0-1

[Event "Mittelrhein Verbandsliga-M 1112"]
[Site "Germany"]
[Date "2011.10.09"]
[Round "2.6"]
[White "Gourevitch, Mikhail"]
[Black "D'Abramo, Daniel"]
[Result "1/2-1/2"]
[WhiteElo "2043"]
[BlackElo "1887"]
[PlyCount "42"]
[EventDate "2011.09.18"]
[EventType "team-tourn"]
[EventRounds "11"]
[EventCountry "GER"]
[SourceTitle "EXT 2013"]
[Source "ChessBase"]
[SourceDate "2012.11.22"]
[SourceVersion "1"]
[SourceVersionDate "2012.11.22"]
[SourceQuality "1"]
[WhiteTeam "Aachen Aufwaerts III"]
[BlackTeam "Koeln Lasker II"]
[WhiteTeamCountry "GER"]
[BlackTeamCountry "GER"]

1. e4 c6 2. d4 d5 3. exd5 cxd5 4. c4 Nf6 5. Nc3 dxc4 6. Bxc4 e6 7. Nf3 Be7 8. 0-0 0-0 9. Qe2 Nc6 10. Rd1 Nb4 11. Ne5 a6 12. a3 Nbd5 13. Bd3 Bd7 14. Bg5 Rc8 15. Bxf6 Nxf6 16. Ne4 Bc6 17. Nxc6 Rxc6 18. Nxf6+ Bxf6 19. Be4 Rc7 20. d5 exd5 21. Bxd5 Qe7 1/2-1/2

[Event "Mittelrhein Verbandsliga-M 1112"]
[Site "Germany"]
[Date "2011.09.18"]
[Round "1.7"]
[White "Hoffmann, Daniela"]
[Black "D'Abramo, Daniel"]
[Result "1/2-1/2"]
[WhiteElo "1723"]
[BlackElo "1887"]
[PlyCount "61"]
[EventDate "2011.09.18"]
[EventType "team-tourn"]
[EventRounds "11"]
[EventCountry "GER"]
[SourceTitle "EXT 2013"]
[Source "ChessBase"]
[SourceDate "2012.11.22"]
[SourceVersion "1"]
[SourceVersionDate "2012.11.22"]
[SourceQuality "1"]
[WhiteTeam "Langenfeld III"]
[BlackTeam "Koeln Lasker II"]
[WhiteTeamCountry "GER"]
[BlackTeamCountry "GER"]

1. e4 c6 2. d4 d5 3. exd5 cxd5 4. h3 Nc6 5. Nf3 Bf5 6. c4 Nf6 7. a3 g6 8. Nc3 Bg7 9. Be2 0-0 10. 0-0 dxc4 11. Bxc4 Rc8 12. Be3 Na5 13. Ba2 Ne4 14. Rc1 Nxc3 15. bxc3 b5 16. a4 a6 17. axb5 axb5 18. Qe2 Qb6 19. Rfd1 Nc4 20. Bg5 Rfe8 21. Bf4 Qa5 22. Ng5 h6 23. Nf3 Rc6 24. Be5 Nxe5 25. Nxe5 Bxe5 26. dxe5 Be6 27. Bxe6 Rxe6 28. Rd5 Qa3 29. Qd2 Qb3 30. Qd3 b4 31. cxb4 1/2-1/2